000 00633ntaaa2200193 4500
003 01
005 20251027202124.0
008 0714s1973 ag 01
040 _aAR-BaBN
_bspa
_cAR-BaBN
_eaacr
_dRIC
082 _a261.8300 C76
100 _aConsejo Unido de Educación Cristiana
_99517
245 _aEncuentro de juventud
250 _a1 ed.
260 _aBuenos Aires :
_bConsejo Unido de Educación Cristiana,
_c1964
300 _a24, 45, 10 p
500 _aEstudios e informes de una conferencia de estudiantes sobre "La naturaleza y misión de la iglesia" y "La sociedad cambiante"
650 _aiglesia-sociedad
942 _cBK
999 _c16111
_d16111